[Event "DEM U18 2025"]
[Site "Willingen GER"]
[Date "2025.06.11"]
[Round "6"]
[White "von Mettenheim, Johannes"]
[Black "Lübke, Florentin"]
[Result "1-0"]
[Termination "normal"]
[Board "1"]
[WhiteElo "2367"]
[BlackElo "2180"]
[WhiteClock "00:38:41"]
[BlackClock "00:06:03"]
[PlyCount "51"]
[WhiteFideId "16244818"]
[BlackFideId "16281799"]
[EventCountry "GER"]
[EventRounds "9"]
[EventType "swiss"]
[EventDate "2025.06.07"]

1. d4 {[%clk 01:30:58]} {[%emt 00:00:02]} d5 {[%clk 01:30:43]} {[%emt
00:00:18]} 2. c4 {[%clk 01:31:22]} {[%emt 00:00:04]} e5 {[%clk 01:30:58]}
{[%emt 00:00:15]} 3. dxe5 {[%clk 01:31:28]} {[%emt 00:00:25]} d4 {[%clk
01:31:06]} {[%emt 00:00:23]} 4. Nf3 {[%clk 01:30:27]} {[%emt 00:01:29]} Nc6
{[%clk 01:31:29]} {[%emt 00:00:09]} 5. a3 {[%clk 01:28:16]} {[%emt 00:02:40]}
Nge7 {[%clk 01:31:42]} {[%emt 00:00:17]} 6. Nbd2 {[%clk 01:19:51]} {[%emt
00:08:56]} Ng6 {[%clk 01:28:18]} {[%emt 00:03:53]} 7. Nb3 {[%clk 01:16:44]}
{[%emt 00:03:37]} Ngxe5 {[%clk 01:26:03]} {[%emt 00:02:44]} 8. Nxe5 {[%clk
01:13:15]} {[%emt 00:03:59]} Nxe5 {[%clk 01:26:18]} {[%emt 00:00:14]} 9. Qxd4
{[%clk 01:11:36]} {[%emt 00:02:11]} Qxd4 {[%clk 01:23:17]} {[%emt 00:03:32]}
10. Nxd4 {[%clk 01:12:00]} {[%emt 00:00:05]} Nxc4 {[%clk 01:23:12]} {[%emt
00:00:34]} 11. Nb5 {[%clk 01:12:23]} {[%emt 00:00:07]} Kd7 {[%clk 01:19:53]}
{[%emt 00:03:50]} 12. Bf4 {[%clk 01:11:46]} {[%emt 00:01:06]} Nd6 {[%clk
01:19:12]} {[%emt 00:01:10]} 13. O-O-O {[%clk 01:11:08]} {[%emt 00:01:09]} Kc6
{[%clk 01:05:01]} {[%emt 00:14:40]} 14. Nd4+ {[%clk 01:07:35]} {[%emt
00:04:03]} Kb6 {[%clk 01:03:52]} {[%emt 00:01:40]} 15. Nb3 {[%clk 00:55:30]}
{[%emt 00:12:35]} a5 {[%clk 00:18:04]} {[%emt 00:46:18]} 16. f3 {[%clk
00:50:36]} {[%emt 00:05:24]} Nf5 {[%clk 00:09:34]} {[%emt 00:09:00]} 17. e4
{[%clk 00:43:36]} {[%emt 00:07:29]} Be6 {[%clk 00:09:19]} {[%emt 00:00:46]} 18.
Nd2 {[%clk 00:43:14]} {[%emt 00:00:51]} Nd6 {[%clk 00:08:58]} {[%emt 00:00:52]}
19. e5 {[%clk 00:37:10]} {[%emt 00:06:34]} Nf5 {[%clk 00:07:32]} {[%emt
00:01:56]} 20. Nc4+ {[%clk 00:37:35]} {[%emt 00:00:05]} Kc6 {[%clk 00:05:30]}
{[%emt 00:02:32]} 21. Bd3 {[%clk 00:37:24]} {[%emt 00:00:40]} Ne7 {[%clk
00:05:36]} {[%emt 00:00:25]} 22. Be4+ {[%clk 00:37:23]} {[%emt 00:00:30]} Nd5
{[%clk 00:05:17]} {[%emt 00:00:50]} 23. Ne3 {[%clk 00:37:36]} {[%emt 00:00:17]}
Rd8 {[%clk 00:05:23]} {[%emt 00:00:24]} 24. Nxd5 {[%clk 00:37:53]} {[%emt
00:00:13]} Bxd5 {[%clk 00:05:39]} {[%emt 00:00:14]} 25. Rxd5 {[%clk 00:38:15]}
{[%emt 00:00:08]} Rxd5 {[%clk 00:06:03]} {[%emt 00:00:05]} 26. Rd1 {[%clk
00:38:41]} {[%emt 00:00:04]} 1-0

[Event "DEM U18 2025"]
[Site "Willingen GER"]
[Date "2025.06.11"]
[Round "6"]
[White "Vollbehr, Bjarne"]
[Black "Petrovskiy, Vadym"]
[Result "0-1"]
[Termination "normal"]
[Board "2"]
[WhiteTitle "CM"]
[BlackTitle "IM"]
[WhiteElo "2163"]
[BlackElo "2432"]
[WhiteClock "00:16:21"]
[BlackClock "01:08:46"]
[PlyCount "92"]
[WhiteFideId "34606025"]
[BlackFideId "14165210"]
[EventCountry "GER"]
[EventRounds "9"]
[EventType "swiss"]
[EventDate "2025.06.07"]

1. d4 {[%clk 01:30:56]} {[%emt 00:00:03]} Nf6 {[%clk 01:30:46]} {[%emt
00:00:15]} 2. c4 {[%clk 01:31:17]} {[%emt 00:00:07]} e6 {[%clk 01:30:50]}
{[%emt 00:00:28]} 3. Nf3 {[%clk 01:31:38]} {[%emt 00:00:08]} d5 {[%clk
01:30:58]} {[%emt 00:00:22]} 4. g3 {[%clk 01:31:59]} {[%emt 00:00:08]} Bb4+
{[%clk 01:31:15]} {[%emt 00:00:13]} 5. Bd2 {[%clk 01:32:14]} {[%emt 00:00:13]}
Be7 {[%clk 01:31:42]} {[%emt 00:00:06]} 6. Bg2 {[%clk 01:32:31]} {[%emt
00:00:12]} O-O {[%clk 01:32:06]} {[%emt 00:00:08]} 7. Qc2 {[%clk 01:32:08]}
{[%emt 00:00:52]} c6 {[%clk 01:32:22]} {[%emt 00:00:14]} 8. O-O {[%clk
01:32:23]} {[%emt 00:00:13]} a5 {[%clk 01:32:50]} {[%emt 00:00:04]} 9. Rd1
{[%clk 01:28:28]} {[%emt 00:04:25]} Nbd7 {[%clk 01:25:46]} {[%emt 00:07:34]}
10. Nc3 {[%clk 01:21:04]} {[%emt 00:07:53]} b6 {[%clk 01:23:01]} {[%emt
00:03:16]} 11. e4 {[%clk 01:19:02]} {[%emt 00:02:32]} Bb7 {[%clk 01:21:33]}
{[%emt 00:01:58]} 12. e5 {[%clk 01:14:46]} {[%emt 00:04:46]} Ne8 {[%clk
01:21:56]} {[%emt 00:00:06]} 13. h4 {[%clk 01:14:05]} {[%emt 00:01:12]} h6
{[%clk 01:20:53]} {[%emt 00:01:33]} 14. Ne2 {[%clk 01:07:31]} {[%emt 00:07:04]}
Rc8 {[%clk 01:17:23]} {[%emt 00:04:00]} 15. Nf4 {[%clk 00:59:01]} {[%emt
00:08:59]} Nc7 {[%clk 01:17:38]} {[%emt 00:00:16]} 16. b3 {[%clk 00:57:02]}
{[%emt 00:02:28]} c5 {[%clk 01:17:03]} {[%emt 00:01:05]} 17. Be3 {[%clk
00:51:09]} {[%emt 00:06:23]} dxc4 {[%clk 01:11:30]} {[%emt 00:06:04]} 18. dxc5
{[%clk 00:49:44]} {[%emt 00:01:55]} cxb3 {[%clk 01:09:55]} {[%emt 00:02:04]}
19. Qxb3 {[%clk 00:47:02]} {[%emt 00:03:12]} Nd5 {[%clk 01:09:41]} {[%emt
00:00:45]} 20. cxb6 {[%clk 00:42:37]} {[%emt 00:04:55]} Rc3 {[%clk 00:58:09]}
{[%emt 00:12:02]} 21. Nxd5 {[%clk 00:38:21]} {[%emt 00:04:46]} Rxb3 {[%clk
00:58:08]} {[%emt 00:00:31]} 22. Nxe7+ {[%clk 00:38:44]} {[%emt 00:00:06]} Qxe7
{[%clk 00:58:29]} {[%emt 00:00:10]} 23. axb3 {[%clk 00:39:08]} {[%emt
00:00:05]} Bd5 {[%clk 00:53:25]} {[%emt 00:05:34]} 24. Rxa5 {[%clk 00:28:39]}
{[%emt 00:11:00]} Qb4 {[%clk 00:50:15]} {[%emt 00:03:39]} 25. Rdxd5 {[%clk
00:23:20]} {[%emt 00:05:50]} exd5 {[%clk 00:50:33]} {[%emt 00:00:12]} 26. Ra7
{[%clk 00:23:32]} {[%emt 00:00:17]} Nc5 {[%clk 00:48:50]} {[%emt 00:02:14]} 27.
Rc7 {[%clk 00:20:39]} {[%emt 00:03:19]} Ne6 {[%clk 00:47:32]} {[%emt 00:01:50]}
28. Rd7 {[%clk 00:19:50]} {[%emt 00:01:19]} Rd8 {[%clk 00:44:05]} {[%emt
00:03:57]} 29. Rxd8+ {[%clk 00:19:20]} {[%emt 00:01:01]} Nxd8 {[%clk 00:44:33]}
{[%emt 00:00:02]} 30. Nd4 {[%clk 00:19:05]} {[%emt 00:00:44]} Qxb6 {[%clk
00:43:49]} {[%emt 00:01:15]} 31. Bxd5 {[%clk 00:19:06]} {[%emt 00:00:28]} Qa5
{[%clk 00:43:28]} {[%emt 00:00:51]} 32. Bc4 {[%clk 00:18:28]} {[%emt 00:01:07]}
Qxe5 {[%clk 00:43:54]} {[%emt 00:00:06]} 33. b4 {[%clk 00:14:52]} {[%emt
00:04:07]} Nb7 {[%clk 00:43:15]} {[%emt 00:01:09]} 34. b5 {[%clk 00:13:51]}
{[%emt 00:01:29]} Nd6 {[%clk 00:43:41]} {[%emt 00:00:04]} 35. Bf1 {[%clk
00:13:39]} {[%emt 00:00:42]} Qc5 {[%clk 00:42:45]} {[%emt 00:01:26]} 36. Nc6
{[%clk 00:12:19]} {[%emt 00:01:50]} Qc3 {[%clk 00:39:41]} {[%emt 00:03:35]} 37.
Ne7+ {[%clk 00:06:14]} {[%emt 00:06:35]} Kf8 {[%clk 00:39:54]} {[%emt
00:00:17]} 38. Nd5 {[%clk 00:06:26]} {[%emt 00:00:18]} Qb3 {[%clk 00:40:13]}
{[%emt 00:00:10]} 39. Nc7 {[%clk 00:06:37]} {[%emt 00:00:19]} Nc8 {[%clk
00:38:54]} {[%emt 00:01:49]} 40. Bh3 {[%clk 00:05:29]} {[%emt 00:01:38]} Nd6
{[%clk 00:37:59]} {[%emt 00:01:26]} 41. b6 {[%clk 00:29:04]} {[%emt 00:06:55]}
Nc4 {[%clk 01:07:57]} {[%emt 00:00:32]} 42. Bc5+ {[%clk 00:29:04]} {[%emt
00:00:30]} Kg8 {[%clk 01:08:25]} {[%emt 00:00:01]} 43. Na8 {[%clk 00:15:42]}
{[%emt 00:13:52]} Qd1+ {[%clk 01:07:55]} {[%emt 00:01:00]} 44. Kh2 {[%clk
00:15:56]} {[%emt 00:00:16]} Qd5 {[%clk 01:08:13]} {[%emt 00:00:12]} 45. Bg2
{[%clk 00:16:00]} {[%emt 00:00:27]} Qxc5 {[%clk 01:08:37]} {[%emt 00:00:06]}
46. b7 {[%clk 00:16:21]} {[%emt 00:00:08]} Qd6 {[%clk 01:08:46]} {[%emt
00:00:18]} 0-1

[Event "DEM U18 2025"]
[Site "Willingen GER"]
[Date "2025.06.11"]
[Round "6"]
[White "Englert, Luca"]
[Black "Heinrich, John"]
[Result "1/2-1/2"]
[Termination "normal"]
[Board "3"]
[WhiteTitle "FM"]
[BlackTitle "FM"]
[WhiteElo "2333"]
[BlackElo "2359"]
[WhiteClock "00:05:00"]
[BlackClock "00:03:33"]
[PlyCount "110"]
[WhiteFideId "16293088"]
[BlackFideId "16259491"]
[EventCountry "GER"]
[EventRounds "9"]
[EventType "swiss"]
[EventDate "2025.06.07"]

1. e4 {[%clk 01:30:59]} {[%emt 00:00:01]} c5 {[%clk 01:30:55]} {[%emt
00:00:06]} 2. Nf3 {[%clk 01:31:25]} {[%emt 00:00:03]} e6 {[%clk 01:31:21]}
{[%emt 00:00:03]} 3. c4 {[%clk 01:31:52]} {[%emt 00:00:05]} Nc6 {[%clk
01:31:22]} {[%emt 00:00:28]} 4. Nc3 {[%clk 01:32:18]} {[%emt 00:00:04]} e5
{[%clk 01:31:48]} {[%emt 00:00:05]} 5. d3 {[%clk 01:31:11]} {[%emt 00:01:36]}
d6 {[%clk 01:30:14]} {[%emt 00:02:04]} 6. Be3 {[%clk 01:30:13]} {[%emt
00:01:27]} g6 {[%clk 01:29:56]} {[%emt 00:00:49]} 7. Qd2 {[%clk 01:26:59]}
{[%emt 00:03:44]} Bg7 {[%clk 01:26:55]} {[%emt 00:03:31]} 8. Be2 {[%clk
01:25:44]} {[%emt 00:01:45]} f5 {[%clk 01:17:43]} {[%emt 00:09:43]} 9. exf5
{[%clk 01:24:39]} {[%emt 00:01:35]} gxf5 {[%clk 01:17:40]} {[%emt 00:00:32]}
10. Bg5 {[%clk 01:24:47]} {[%emt 00:00:22]} Nge7 {[%clk 01:10:57]} {[%emt
00:07:14]} 11. Bh6 {[%clk 01:21:31]} {[%emt 00:03:45]} O-O {[%clk 01:10:29]}
{[%emt 00:00:58]} 12. h4 {[%clk 01:16:40]} {[%emt 00:05:22]} Nd4 {[%clk
00:50:42]} {[%emt 00:20:16]} 13. Bxg7 {[%clk 01:08:44]} {[%emt 00:08:25]} Kxg7
{[%clk 00:51:06]} {[%emt 00:00:06]} 14. O-O-O {[%clk 01:08:15]} {[%emt
00:00:59]} Be6 {[%clk 00:44:27]} {[%emt 00:07:09]} 15. h5 {[%clk 01:00:09]}
{[%emt 00:08:37]} Nec6 {[%clk 00:41:05]} {[%emt 00:03:51]} 16. g4 {[%clk
00:53:24]} {[%emt 00:07:17]} fxg4 {[%clk 00:38:03]} {[%emt 00:03:31]} 17. Ng5
{[%clk 00:49:02]} {[%emt 00:04:51]} Kh8 {[%clk 00:31:48]} {[%emt 00:06:45]} 18.
Nxe6 {[%clk 00:47:51]} {[%emt 00:01:41]} Nxe6 {[%clk 00:32:13]} {[%emt
00:00:05]} 19. Bxg4 {[%clk 00:47:43]} {[%emt 00:00:39]} Ncd4 {[%clk 00:32:35]}
{[%emt 00:00:07]} 20. Bxe6 {[%clk 00:45:25]} {[%emt 00:02:49]} Nxe6 {[%clk
00:32:59]} {[%emt 00:00:05]} 21. Rdg1 {[%clk 00:43:46]} {[%emt 00:02:10]} Nf4
{[%clk 00:30:14]} {[%emt 00:03:15]} 22. Kb1 {[%clk 00:38:09]} {[%emt 00:06:06]}
Rg8 {[%clk 00:29:29]} {[%emt 00:01:15]} 23. Ne4 {[%clk 00:37:02]} {[%emt
00:01:37]} Qe7 {[%clk 00:29:03]} {[%emt 00:00:56]} 24. Qd1 {[%clk 00:35:05]}
{[%emt 00:02:27]} Raf8 {[%clk 00:25:51]} {[%emt 00:03:43]} 25. Rg3 {[%clk
00:31:16]} {[%emt 00:04:18]} d5 {[%clk 00:21:58]} {[%emt 00:04:23]} 26. cxd5
Nxd5 {[%clk 00:22:26]} 27. Rhg1 {[%clk 00:26:41]} {[%emt 00:04:43]} Rxg3 {[%clk
00:22:32]} {[%emt 00:00:23]} 28. fxg3 {[%clk 00:25:51]} {[%emt 00:01:20]} b6
{[%clk 00:21:07]} {[%emt 00:01:56]} 29. g4 {[%clk 00:25:01]} {[%emt 00:01:21]}
Nf4 {[%clk 00:20:45]} {[%emt 00:00:50]} 30. g5 {[%clk 00:24:01]} {[%emt
00:01:31]} Rd8 {[%clk 00:17:06]} {[%emt 00:04:08]} 31. g6 {[%clk 00:22:21]}
{[%emt 00:02:10]} hxg6 {[%clk 00:15:51]} {[%emt 00:01:45]} 32. hxg6 {[%clk
00:22:22]} {[%emt 00:00:30]} Kg7 {[%clk 00:13:34]} {[%emt 00:02:46]} 33. Ng3
{[%clk 00:21:25]} {[%emt 00:01:28]} Qe6 {[%clk 00:11:34]} {[%emt 00:02:29]} 34.
Nh5+ {[%clk 00:20:36]} {[%emt 00:01:19]} Nxh5 {[%clk 00:11:59]} {[%emt
00:00:05]} 35. Qxh5 {[%clk 00:21:01]} {[%emt 00:00:05]} Rh8 {[%clk 00:12:26]}
{[%emt 00:00:04]} 36. Qf3 {[%clk 00:21:00]} {[%emt 00:00:30]} Qe7 {[%clk
00:11:23]} {[%emt 00:01:33]} 37. Qe3 {[%clk 00:16:36]} {[%emt 00:04:54]} Rh5
{[%clk 00:10:20]} {[%emt 00:01:32]} 38. Qe4 {[%clk 00:16:31]} {[%emt 00:00:36]}
Rg5 {[%clk 00:08:54]} {[%emt 00:01:56]} 39. Rxg5 {[%clk 00:08:47]} {[%emt
00:08:15]} Qxg5 {[%clk 00:09:18]} {[%emt 00:00:05]} 40. Kc2 {[%clk 00:08:56]}
{[%emt 00:00:22]} Qf4 {[%clk 00:08:29]} {[%emt 00:01:17]} 41. Qb7+ {[%clk
00:08:33]} {[%emt 00:00:54]} Kxg6 {[%clk 00:08:52]} {[%emt 00:00:07]} 42. Qxa7
{[%clk 00:08:56]} {[%emt 00:00:08]} Qb4 {[%clk 00:08:28]} {[%emt 00:00:53]} 43.
Qd7 {[%clk 00:07:06]} {[%emt 00:02:20]} Kf6 {[%clk 00:07:07]} {[%emt 00:01:52]}
44. Qd6+ {[%clk 00:07:12]} {[%emt 00:00:23]} Kf5 {[%clk 00:07:27]} {[%emt
00:00:10]} 45. Qf8+ {[%clk 00:07:34]} {[%emt 00:00:09]} Ke6 {[%clk 00:07:34]}
{[%emt 00:00:23]} 46. Qe8+ {[%clk 00:06:32]} {[%emt 00:01:32]} Kd6 {[%clk
00:07:41]} {[%emt 00:00:22]} 47. Qg6+ {[%clk 00:06:15]} {[%emt 00:00:48]} Kd5
{[%clk 00:07:01]} {[%emt 00:01:10]} 48. Qe8 {[%clk 00:04:57]} {[%emt 00:01:48]}
Kd6 {[%clk 00:06:06]} {[%emt 00:01:26]} 49. Qb8+ {[%clk 00:04:56]} {[%emt
00:00:30]} Kd7 {[%clk 00:02:44]} {[%emt 00:03:52]} 50. Qa7+ {[%clk 00:04:35]}
{[%emt 00:00:51]} Ke6 {[%clk 00:02:17]} {[%emt 00:00:57]} 51. a3 {[%clk
00:04:42]} {[%emt 00:00:24]} Qb5 {[%clk 00:02:29]} {[%emt 00:00:17]} 52. b3
{[%clk 00:04:20]} {[%emt 00:00:52]} e4 {[%clk 00:02:19]} {[%emt 00:00:40]} 53.
dxe4 {[%clk 00:04:39]} {[%emt 00:00:12]} Qe2+ {[%clk 00:02:42]} {[%emt
00:00:06]} 54. Kc3 {[%clk 00:05:02]} {[%emt 00:00:07]} Qe3+ {[%clk 00:03:07]}
{[%emt 00:00:05]} 55. Kc4 {[%clk 00:05:00]} {[%emt 00:00:34]} Qe2+ {[%clk
00:03:33]} {[%emt 00:00:03]} 1/2-1/2

[Event "DEM U18 2025"]
[Site "Willingen GER"]
[Date "2025.06.11"]
[Round "6"]
[White "Ohler, Julius"]
[Black "Strehse, Nelson"]
[Result "1-0"]
[Termination "normal"]
[Board "4"]
[WhiteTitle "FM"]
[WhiteElo "2301"]
[BlackElo "2168"]
[WhiteClock "00:07:29"]
[BlackClock "00:00:34"]
[PlyCount "75"]
[WhiteFideId "16238982"]
[BlackFideId "16228898"]
[EventCountry "GER"]
[EventRounds "9"]
[EventType "swiss"]
[EventDate "2025.06.07"]

1. c4 {[%clk 01:30:58]} {[%emt 00:00:02]} Nf6 {[%clk 01:30:43]} {[%emt
00:00:17]} 2. g3 {[%clk 01:31:24]} {[%emt 00:00:05]} e5 {[%clk 01:30:57]}
{[%emt 00:00:16]} 3. Bg2 {[%clk 01:31:49]} {[%emt 00:00:04]} c6 {[%clk
01:31:21]} {[%emt 00:00:07]} 4. d4 {[%clk 01:31:34]} {[%emt 00:00:43]} e4
{[%clk 01:31:45]} {[%emt 00:00:07]} 5. d5 {[%clk 01:31:28]} {[%emt 00:00:37]}
Bb4+ {[%clk 01:31:45]} {[%emt 00:00:29]} 6. Bd2 {[%clk 01:31:54]} {[%emt
00:00:04]} Qe7 {[%clk 01:32:06]} {[%emt 00:00:09]} 7. Nc3 {[%clk 01:31:51]}
{[%emt 00:00:33]} O-O {[%clk 01:11:40]} {[%emt 00:20:55]} 8. Nh3 {[%clk
01:25:40]} {[%emt 00:06:42]} d6 {[%clk 01:10:34]} {[%emt 00:01:36]} 9. O-O
{[%clk 01:12:39]} {[%emt 00:13:31]} Bc5 {[%clk 01:00:04]} {[%emt 00:11:00]} 10.
e3 {[%clk 01:00:05]} {[%emt 00:13:04]} Na6 {[%clk 00:50:56]} {[%emt 00:09:38]}
11. Nf4 {[%clk 00:53:07]} {[%emt 00:07:28]} Bg4 {[%clk 00:32:00]} {[%emt
00:19:26]} 12. Qb1 {[%clk 00:50:52]} {[%emt 00:02:45]} Rfe8 {[%clk 00:31:15]}
{[%emt 00:01:15]} 13. h3 {[%clk 00:41:52]} {[%emt 00:09:30]} Bf5 {[%clk
00:27:41]} {[%emt 00:04:04]} 14. g4 {[%clk 00:35:10]} {[%emt 00:07:12]} g5
{[%clk 00:27:36]} {[%emt 00:00:35]} 15. gxf5 {[%clk 00:32:41]} {[%emt
00:03:00]} gxf4 {[%clk 00:27:54]} {[%emt 00:00:11]} 16. exf4 {[%clk 00:33:07]}
{[%emt 00:00:03]} cxd5 {[%clk 00:25:43]} {[%emt 00:02:42]} 17. Nxd5 {[%clk
00:29:37]} {[%emt 00:04:00]} Nxd5 {[%clk 00:26:10]} {[%emt 00:00:03]} 18. cxd5
{[%clk 00:30:01]} {[%emt 00:00:05]} e3 {[%clk 00:26:20]} {[%emt 00:00:21]} 19.
Bxe3 {[%clk 00:29:47]} {[%emt 00:00:44]} Bxe3 {[%clk 00:26:47]} {[%emt
00:00:03]} 20. fxe3 {[%clk 00:30:13]} {[%emt 00:00:05]} Qxe3+ {[%clk 00:27:08]}
{[%emt 00:00:09]} 21. Kh1 {[%clk 00:29:39]} {[%emt 00:01:03]} Rac8 {[%clk
00:24:14]} {[%emt 00:03:25]} 22. Qd1 {[%clk 00:26:45]} {[%emt 00:03:23]} f6
{[%clk 00:07:19]} {[%emt 00:17:25]} 23. Qg4+ {[%clk 00:25:59]} {[%emt
00:01:15]} Kh8 {[%clk 00:07:02]} {[%emt 00:00:47]} 24. Qh4 {[%clk 00:26:25]}
{[%emt 00:00:04]} Qd4 {[%clk 00:04:15]} {[%emt 00:03:18]} 25. Rad1 {[%clk
00:24:11]} {[%emt 00:02:43]} Qxb2 {[%clk 00:04:14]} {[%emt 00:00:31]} 26. Rf2
{[%clk 00:24:12]} {[%emt 00:00:30]} Qc3 {[%clk 00:04:06]} {[%emt 00:00:37]} 27.
Rf3 {[%clk 00:24:28]} {[%emt 00:00:14]} Qc7 {[%clk 00:02:50]} {[%emt 00:01:48]}
28. Qxf6+ {[%clk 00:23:33]} {[%emt 00:01:24]} Qg7 {[%clk 00:03:19]} {[%emt
00:00:01]} 29. Qxd6 {[%clk 00:19:20]} {[%emt 00:04:43]} Nc5 {[%clk 00:01:07]}
{[%emt 00:02:41]} 30. f6 {[%clk 00:13:57]} {[%emt 00:05:54]} Qf7 {[%clk
00:01:28]} {[%emt 00:00:09]} 31. f5 {[%clk 00:12:24]} {[%emt 00:02:04]} Ne4
{[%clk 00:01:21]} {[%emt 00:00:36]} 32. Qf4 {[%clk 00:11:44]} {[%emt 00:01:11]}
Qxf6 {[%clk 00:01:10]} {[%emt 00:00:40]} 33. Re3 {[%clk 00:10:52]} {[%emt
00:01:23]} Nc5 {[%clk 00:01:29]} {[%emt 00:00:11]} 34. d6 {[%clk 00:09:20]}
{[%emt 00:02:01]} Rxe3 {[%clk 00:00:33]} {[%emt 00:01:26]} 35. Qxe3 {[%clk
00:09:46]} {[%emt 00:00:04]} b6 {[%clk 00:00:50]} {[%emt 00:00:13]} 36. Qe7
{[%clk 00:08:04]} {[%emt 00:02:13]} Qf8 {[%clk 00:00:35]} {[%emt 00:00:45]} 37.
d7 {[%clk 00:07:05]} {[%emt 00:01:29]} Qxe7 {[%clk 00:00:34]} {[%emt 00:00:31]}
38. dxc8=Q+ {[%clk 00:07:29]} {[%emt 00:00:05]} 1-0